[Event "4NCL Div 2 2024-25"]
[Site "England ENG"]
[Date "2024.11.23"]
[Round "1.35"]
[White "Starley, Robert"]
[Black "Dunn, Andrew"]
[Result "1/2-1/2"]
[BlackTitle "CM"]
[WhiteElo "2077"]
[BlackElo "2057"]
[WhiteTeam "Cambridge University 1"]
[BlackTeam "Chessable White Rose 2"]
[WhiteFideId "421006"]
[BlackFideId "401960"]
[EventDate "2024.11.23"]

1. e4 c6 2. d4 d5 3. e5 Bf5 4. h4 h5 5. Bd3 Bxd3 6. Qxd3 e6 7. Bg5 Qb6 8. b3 Qa6
9. c4 Bb4+ 10. Nd2 Nd7 11. Nf3 Ne7 12. O-O Nf5 13. a3 Bxd2 14. Nxd2 O-O 15. Nf3
Nb6 16. Rfc1 Rac8 17. Qf1 dxc4 18. b4 Nd5 19. Qxc4 Qxc4 20. Rxc4 f6 21. Bd2 Rcd8
22. Rc2 Nb6 23. exf6 gxf6 24. Be3 Nd5 25. Bd2 Nb6 26. Be3 Nd5 27. Bd2 Nb6 1/2-1/2

[Event "4NCL Div 2 2024-25"]
[Site "England ENG"]
[Date "2024.11.24"]
[Round "2.51"]
[White "Korshunov, Sergey And."]
[Black "Starosta, Martyna"]
[Result "1-0"]
[WhiteTitle "FM"]
[BlackTitle "WFM"]
[WhiteElo "2351"]
[BlackElo "2203"]
[WhiteTeam "SchachAttack"]
[BlackTeam "Crowthorne A"]
[WhiteFideId "34274715"]
[BlackFideId "21818754"]
[EventDate "2024.11.23"]

1. d4 d5 2. Nf3 Nf6 3. g3 c5 4. Bg2 h5 5. O-O cxd4 6. Nxd4 h4 7. c4 hxg3 8. hxg3
Bh3 9. Qa4+ Nbd7 10. Bxh3 Rxh3 11. cxd5 Nxd5 12. Nc3 Nb6 13. Qc2 e5 14. Nf3 Bc5
15. Kg2 Rh5 16. a4 Qe7 17. Bd2 Rc8 18. Rh1 Rxh1 19. Rxh1 Qe6 20. Qe4 Nc4 21. Bc1
Nd6 22. Rh8+ Nf8 23. Qh7 Nf5 24. e4 Ne7 25. Qxg7 Ng6 26. Rh5 Be7 27. Rf5 Rc6 28.
Ng5 Bxg5 29. Bxg5 Qc4 30. Rf3 Qe6 31. Nd5 Nd7 32. b3 Ngf8 33. Be7 Qg6 34. Bxf8
Nxf8 35. Qxe5+ Ne6 36. Rf6 Qg4 37. Rh6 Qe2 38. Rh8+ Kd7 39. Nf6+ Ke7 40. Re8# 1-0

[Event "4NCL Div 2 2024-25"]
[Site "England ENG"]
[Date "2024.11.24"]
[Round "2.56"]
[White "Purdon, Colin"]
[Black "Wilks, Simon"]
[Result "1/2-1/2"]
[WhiteElo "1968"]
[BlackElo "2058"]
[WhiteTeam "Crowthorne A"]
[BlackTeam "SchachAttack"]
[WhiteFideId "408581"]
[BlackFideId "427357"]
[EventDate "2024.11.23"]

1. d4 Nf6 2. c4 e6 3. g3 Bb4+ 4. Nd2 O-O 5. Nf3 d5 6. a3 Be7 7. Bg2 b6 8. O-O
Bb7 9. Ne5 c5 10. dxc5 Bxc5 11. Nd3 Be7 12. b4 Qc8 13. Bb2 dxc4 14. Bxb7 Qxb7
15. Nxc4 Rd8 16. Qb3 Nc6 17. Nde5 Nd4 18. Bxd4 Rxd4 19. Rfd1 Rad8 20. Rxd4 Rxd4
21. Rd1 Rd5 22. Rxd5 1/2-1/2

[Event "4NCL Div 2 2024-25"]
[Site "England ENG"]
[Date "2025.01.25"]
[Round "3.11"]
[White "Pal, Rohan"]
[Black "Khoury, Theo"]
[Result "0-1"]
[BlackTitle "CM"]
[WhiteElo "1938"]
[BlackElo "2164"]
[WhiteTeam "Warwickshire Select 2"]
[BlackTeam "Oxford 1"]
[WhiteFideId "462489"]
[BlackFideId "480703"]
[EventDate "2024.11.23"]

1. c4 e6 2. Nf3 d5 3. d4 Nf6 4. Nc3 Be7 5. Bg5 h6 6. Bh4 dxc4 7. e3 c5 8. Bxc4
cxd4 9. exd4 O-O 10. O-O Nc6 11. Re1 a6 12. a3 b5 13. Ba2 Bb7 14. Qd2 b4 15.
axb4 Nxb4 16. Bb3 Bxf3 17. gxf3 Rb8 18. Kh1 Nc6 19. Rg1 Kh8 20. Rxg7 Kxg7 21.
Bxf6+ Bxf6 22. Rg1+ Bg5 23. Ne4 f6 24. Nc5 Kh8 25. Qc2 Nxd4 26. Qg6 Qe8 27. Rxg5
Qxg6 28. Rxg6 Nxb3 0-1

[Event "4NCL Div 2 2024-25"]
[Site "England ENG"]
[Date "2025.01.25"]
[Round "3.12"]
[White "Hobson, Kenneth"]
[Black "Mason, Donald J"]
[Result "1-0"]
[WhiteTitle "FM"]
[WhiteElo "2331"]
[BlackElo "2011"]
[WhiteTeam "Oxford 1"]
[BlackTeam "Warwickshire Select 2"]
[WhiteFideId "480819"]
[BlackFideId "405116"]
[EventDate "2024.11.23"]

1. e4 c5 2. Nf3 Nc6 3. d4 cxd4 4. Nxd4 e5 5. Nb5 d6 6. N1c3 a6 7. Na3 Be7 8. Nd5
Nf6 9. Be3 Nxd5 10. exd5 Nd4 11. Bxd4 exd4 12. Qxd4 O-O 13. O-O-O Bf6 14. Qb4 b5
15. Bd3 g6 16. h4 a5 17. Qd2 b4 18. Nc4 Ba6 19. Ne3 Bxd3 20. Qxd3 a4 21. Nc4 a3
22. b3 Bg7 23. Qf3 Rc8 24. Qf4 Rxc4 25. bxc4 Qa5 26. Rh3 Re8 27. Qxd6 Re2 28.
Qb8+ Bf8 29. Re3 Rxe3 30. fxe3 Qc5 31. Qf4 Bg7 32. d6 1-0

[Event "4NCL Div 2 2024-25"]
[Site "England ENG"]
[Date "2025.01.25"]
[Round "3.13"]
[White "Talsma, Paul"]
[Black "Pozimski, Szymon"]
[Result "0-1"]
[WhiteElo "2036"]
[BlackElo "2008"]
[WhiteTeam "Warwickshire Select 2"]
[BlackTeam "Oxford 1"]
[WhiteFideId "1018779"]
[BlackFideId "1138855"]
[EventDate "2024.11.23"]

1. d4 d5 2. c4 dxc4 3. e3 c5 4. Bxc4 e6 5. Nf3 Nf6 6. O-O a6 7. dxc5 Qxd1 8.
Rxd1 Bxc5 9. Be2 Nc6 10. Nbd2 Ke7 11. b3 b5 12. Bb2 Bb7 13. Rac1 Bd6 14. a4 bxa4
15. Nc4 Bb4 16. bxa4 Rhd8 17. Nd4 Na5 18. Nxa5 Bxa5 19. Nb3 Rxd1+ 20. Bxd1 Bd8
21. Nc5 Bd5 22. Ba3 Ke8 23. Be2 Be7 24. Bxa6 Rxa6 25. Nxa6 Bxa3 26. Rc3 Bd6 27.
Nc7+ Kd7 28. Nxd5 Nxd5 29. Rc1 Be5 30. Kf1 Nc3 31. Ra1 Kc7 32. f4 Bd6 33. Kf2
Kb6 34. Kf3 Ka5 35. e4 Bc5 36. g4 f6 37. h4 Bd4 38. g5 Nxa4 39. gxf6 gxf6 40.
Ra2 Bb2 41. Kg4 Kb4 42. Kh5 Kb3 43. Rxa4 Kxa4 44. Kh6 Bc1 45. Kxh7 Bxf4 46. Kg6
f5 47. exf5 e5 48. f6 e4 49. f7 Bd6 50. h5 e3 51. h6 e2 52. h7 e1=Q 53. h8=Q
Qe4+ 54. Kg5 Bf4+ 55. Kg4 Be5+ 56. Kg5 Qf4+ 57. Kh5 0-1

[Event "4NCL Div 2 2024-25"]
[Site "England ENG"]
[Date "2025.01.25"]
[Round "3.14"]
[White "Manley, Jon P"]
[Black "Patel, Keatan"]
[Result "1/2-1/2"]
[WhiteElo "2090"]
[BlackElo "1947"]
[WhiteTeam "Oxford 1"]
[BlackTeam "Warwickshire Select 2"]
[WhiteFideId "403296"]
[BlackFideId "477613"]
[EventDate "2024.11.23"]

1. e4 e5 2. Nf3 Nc6 3. Nc3 Nf6 4. Bb5 Bc5 5. O-O O-O 6. Nxe5 Nxe5 7. d4 Bd6 8.
f4 Neg4 9. e5 Bb4 10. h3 d6 11. exf6 Nxf6 12. f5 d5 13. Bg5 c6 14. Bd3 h6 15.
Bh4 Be7 16. Re1 Re8 17. Qf3 Bd7 18. a3 Qb6 19. Kh1 Qxb2 20. Ne2 Qb6 21. Bg3 Qd8
22. Be5 Nh7 23. Qg3 Bf6 24. Nf4 Bxe5 25. dxe5 Qg5 26. Qxg5 Nxg5 27. f6 gxf6 28.
Nh5 Re7 29. Nxf6+ Kg7 30. h4 Ne4 31. Bxe4 dxe4 32. Rxe4 Bf5 33. Re2 Rd8 1/2-1/2

[Event "4NCL Div 2 2024-25"]
[Site "England ENG"]
[Date "2025.01.25"]
[Round "3.15"]
[White "Paterson, Andrew I"]
[Black "Murawski, Jan"]
[Result "0-1"]
[BlackTitle "CM"]
[WhiteElo "1957"]
[BlackElo "2123"]
[WhiteTeam "Warwickshire Select 2"]
[BlackTeam "Oxford 1"]
[WhiteFideId "435724"]
[BlackFideId "21009287"]
[EventDate "2024.11.23"]

1. c4 e6 2. g3 Nf6 3. Bg2 d5 4. Nf3 dxc4 5. O-O Nbd7 6. Qa4 a6 7. Qxc4 b5 8. Qc2
Bb7 9. d3 c5 10. a4 Be7 11. Na3 O-O 12. Bd2 Bc6 13. b4 Rc8 14. axb5 Bxf3 15.
Bxf3 cxb4 16. Qa4 bxa3 17. bxa6 Nd5 18. Ba5 Qe8 19. e4 Ne5 20. Bd1 Qxa4 21. Bxa4
Nc3 22. Bb3 Ne2+ 23. Kg2 Nd4 24. Bd1 Ra8 25. Bb6 Ndc6 26. d4 Nd7 27. Bc7 Rxa6
28. d5 exd5 29. exd5 Nb4 30. Be2 Ra7 31. d6 Bf6 32. Bb5 Bxa1 33. Rxa1 Nf6 0-1

[Event "4NCL Div 2 2024-25"]
[Site "England ENG"]
[Date "2025.01.25"]
[Round "3.16"]
[White "Hariharan, Shambavi"]
[Black "Vaidyanathan, Adithya"]
[Result "1-0"]
[WhiteTitle "WCM"]
[WhiteElo "2034"]
[BlackElo "2041"]
[WhiteTeam "Oxford 1"]
[BlackTeam "Warwickshire Select 2"]
[WhiteFideId "488160"]
[BlackFideId "495450"]
[EventDate "2024.11.23"]

1. Nf3 c5 2. g3 Nc6 3. Bg2 g6 4. O-O Bg7 5. c4 e5 6. Nc3 Nge7 7. d3 O-O 8. e4 d6
9. Be3 f5 10. Qd2 Nd4 11. Bg5 Ne6 12. Bh6 f4 13. Bxg7 Kxg7 14. Nd5 g5 15. Ne1
Nd4 16. Nf3 Nxf3+ 17. Bxf3 g4 18. Bd1 Nxd5 19. cxd5 f3 20. h3 gxh3 21. Kh2 a5
22. Ba4 h6 23. a3 Rb8 24. Bb5 Qb6 25. Ba4 Qa6 26. b4 b5 27. Bc2 Qb6 28. bxc5
dxc5 29. a4 bxa4 30. Rab1 Qc7 31. Rxb8 Qxb8 32. Qxa5 Rf7 33. Qxa4 Qb2 34. Qc4
Rc7 35. Rb1 Qa3 36. Bb3 Ba6 37. Qc3 Qb4 38. Qxe5+ Kg6 39. Qxc7 Qd2 40. Qxc5 Bxd3
41. Rd1 Qe2 42. d6 Bxe4 43. Qe3 Qxe3 44. fxe3 f2 45. d7 Bd3 46. d8=Q f1=Q 47.
Rxf1 Bxf1 48. Qg8+ Kf6 49. Qf8+ Kg6 50. Qxf1 h5 51. Qf7+ Kh6 52. Bc2 Kg5 53.
Qg6# 1-0

[Event "4NCL Div 2 2024-25"]
[Site "England ENG"]
[Date "2025.01.25"]
[Round "3.17"]
[White "Cooper, David M"]
[Black "Zakarian, Dimitrios Levon"]
[Result "0-1"]
[WhiteElo "1985"]
[BlackElo "2068"]
[WhiteTeam "Warwickshire Select 2"]
[BlackTeam "Oxford 1"]
[WhiteFideId "413240"]
[BlackFideId "453080"]
[EventDate "2024.11.23"]

1. c4 Nf6 2. Nc3 e6 3. e4 d5 4. e5 d4 5. exf6 dxc3 6. bxc3 Qxf6 7. d4 c5 8. Nf3
h6 9. Be2 Be7 10. O-O O-O 11. Be3 Rd8 12. Qc2 Nc6 13. Rfd1 b6 14. Rd2 Ba6 15.
Rad1 cxd4 16. cxd4 Bb4 17. Rd3 Rac8 18. d5 exd5 19. Rxd5 Rxd5 20. Rxd5 Bf8 21.
Qe4 Nb4 22. Bd4 Qg6 23. Qxg6 fxg6 24. Rd7 Bxc4 25. Bxc4+ Rxc4 26. g3 Nc6 27. Be3
Bc5 28. Bxc5 Rxc5 29. Rc7 Nd4 30. Rxc5 Nxf3+ 31. Kg2 Ne1+ 32. Kf1 bxc5 33. Kxe1
Kf7 34. Kd2 Ke6 35. Kd3 Kd5 36. f3 g5 37. h3 c4+ 38. Kc3 Kc5 39. a3 Kd5 40. a4
a5 0-1

[Event "4NCL Div 2 2024-25"]
[Site "England ENG"]
[Date "2025.01.25"]
[Round "3.18"]
[White "Udovenko, Daniel"]
[Black "Cundy, Mark A"]
[Result "1-0"]
[WhiteElo "2090"]
[BlackElo "1910"]
[WhiteTeam "Oxford 1"]
[BlackTeam "Warwickshire Select 2"]
[WhiteFideId "30957508"]
[BlackFideId "428116"]
[EventDate "2024.11.23"]

1. d4 f5 2. Bg5 g6 3. e3 Bg7 4. Nc3 Nf6 5. Bc4 c6 6. h4 d5 7. Bb3 Be6 8. Nf3
Nbd7 9. Bf4 Bg8 10. Qe2 Qa5 11. Qd2 O-O-O 12. O-O Ng4 13. Nxd5 1-0

[Event "4NCL Div 2 2024-25"]
[Site "England ENG"]
[Date "2025.01.25"]
[Round "3.21"]
[White "Macklin, Paul"]
[Black "Pein, Jonathan"]
[Result "1/2-1/2"]
[WhiteTitle "FM"]
[BlackTitle "FM"]
[WhiteElo "2293"]
[BlackElo "2254"]
[WhiteTeam "Greater Woodpushers"]
[BlackTeam "Celtic Tigers 1"]
[WhiteFideId "455865"]
[BlackFideId "417092"]
[EventDate "2024.11.23"]

1. e4 e6 2. d4 d5 3. e5 c5 4. c3 Nc6 5. Nf3 Bd7 6. Be2 Rc8 7. O-O h6 8. Be3 Nge7
9. Nbd2 Nf5 10. Kh1 cxd4 11. cxd4 Qb6 12. g4 Nxe3 13. fxe3 Be7 14. a3 a5 15. Rb1
a4 16. Bd3 Na5 17. Qe2 Bc6 18. h3 1/2-1/2

[Event "4NCL Div 2 2024-25"]
[Site "England ENG"]
[Date "2025.01.25"]
[Round "3.22"]
[White "Gallana, Marco"]
[Black "Longson, Alexander"]
[Result "0-1"]
[BlackTitle "FM"]
[WhiteElo "2201"]
[BlackElo "2233"]
[WhiteTeam "Celtic Tigers 1"]
[BlackTeam "Greater Woodpushers"]
[WhiteFideId "824542"]
[BlackFideId "408093"]
[EventDate "2024.11.23"]

1. c4 e6 2. g3 d5 3. Bg2 Nf6 4. Nf3 dxc4 5. Qa4+ Nbd7 6. Qxc4 a6 7. Qc2 c5 8.
Nc3 Qc7 9. a4 b6 10. d3 Bb7 11. O-O Be7 12. e4 O-O 13. h3 Bc6 14. Bf4 Qb7 15. d4
Nxe4 16. Ne5 Nxe5 17. Nxe4 Ng6 18. Bd6 Bxd6 19. Nxd6 Qc7 20. Ne4 f5 21. Ng5 Bxg2
22. Kxg2 Qc6+ 23. Nf3 Qd5 24. dxc5 Ne5 25. Qc3 Nxf3 26. Qxf3 bxc5 27. Rac1 Rfd8
28. Rfd1 Qxf3+ 29. Kxf3 Rxd1 30. Rxd1 Rb8 31. Rd6 Kf7 32. Rxa6 Rxb2 33. Rc6 Ra2
34. Rxc5 Rxa4 35. h4 Kf6 36. Rb5 Rc4 37. Ra5 Rb4 38. Ra6 Rd4 39. Ke3 Re4+ 40.
Kf3 Rd4 41. Ke3 Rg4 42. Kf3 h6 43. Rb6 Ra4 44. Ke3 Ra3+ 45. Ke2 f4 46. gxf4 Rh3
47. Rb5 Rxh4 48. Kf3 Rh1 49. Kg2 Rd1 50. f3 Rd5 51. Rb8 h5 52. Kg3 Rd3 53. Rh8
Kg6 54. Re8 Kf7 55. Rh8 g6 56. Ra8 Rd7 57. Rb8 Kf6 58. Rf8+ Rf7 59. Ra8 Rh7 60.
Kh4 Rb7 61. Kg3 Rb5 62. Rf8+ Kg7 63. Ra8 g5 64. fxg5 Rxg5+ 65. Kf4 Rf5+ 66. Kg3
Kf6 67. Ra4 Kg5 68. Re4 e5 69. Rxe5 h4+ 0-1

[Event "4NCL Div 2 2024-25"]
[Site "England ENG"]
[Date "2025.01.25"]
[Round "3.23"]
[White "Jackson, Edward"]
[Black "Hoffmann, Hendrik"]
[Result "1/2-1/2"]
[WhiteTitle "CM"]
[BlackTitle "FM"]
[WhiteElo "2165"]
[BlackElo "2198"]
[WhiteTeam "Greater Woodpushers"]
[BlackTeam "Celtic Tigers 1"]
[WhiteFideId "464635"]
[BlackFideId "4618130"]
[EventDate "2024.11.23"]

1. d4 Nf6 2. c4 g6 3. Nc3 Bg7 4. e4 d6 5. Nge2 O-O 6. Ng3 e5 7. d5 Ng4 8. f3 Nh6
9. h4 f5 10. exf5 Nxf5 11. Bg5 Qe8 12. Nxf5 gxf5 13. Qd2 a6 14. Bh6 Nd7 15. Bxg7
Kxg7 16. h5 h6 17. Rh3 f4 18. g4 Nf6 19. O-O-O Nh7 20. Ne4 Qe7 21. Qc2 Ng5 22.
Nxg5 Qxg5 23. Qe4 b6 24. Bd3 Rh8 25. Rg1 Bd7 26. Rh2 a5 27. Qe1 Rhg8 28. Bf5
Rad8 29. Rhg2 Kf7 30. Bxd7 Rxd7 31. Qe4 Kf8 32. Kc2 Qg7 33. Qf5+ Qf7 34. Kd3 Rg5
35. Qxf7+ Kxf7 36. Ke4 Kf6 37. Rc1 Rg8 38. Rc3 Rdd8 39. Ra3 Ra8 40. Rc2 Kg5 41.
Rcc3 Rgf8 42. Ra4 Ra7 43. Rca3 Rb8 44. b4 Rba8 45. b5 1/2-1/2

[Event "4NCL Div 2 2024-25"]
[Site "England ENG"]
[Date "2025.01.25"]
[Round "3.24"]
[White "Horton, Jamie A"]
[Black "McLean, Robert"]
[Result "1/2-1/2"]
[WhiteElo "2163"]
[BlackElo "2038"]
[WhiteTeam "Celtic Tigers 1"]
[BlackTeam "Greater Woodpushers"]
[WhiteFideId "421472"]
[BlackFideId "434922"]
[EventDate "2024.11.23"]

1. d4 e6 2. c4 b6 3. e4 Bb4+ 4. Nc3 Bb7 5. f3 f5 6. exf5 Nh6 7. Be3 Nxf5 8. Bf2
O-O 9. Ne2 c5 10. a3 Bxc3+ 11. Nxc3 cxd4 12. Bxd4 Nxd4 13. Qxd4 Nc6 14. Qd6 Qh4+
15. Qg3 Qf6 16. O-O-O Nd4 17. Bd3 Rac8 18. Kb1 Nf5 1/2-1/2

[Event "4NCL Div 2 2024-25"]
[Site "England ENG"]
[Date "2025.01.25"]
[Round "3.25"]
[White "Smith, Alan A"]
[Black "Maciol, Ryszard"]
[Result "0-1"]
[WhiteElo "2190"]
[BlackElo "2135"]
[WhiteTeam "Greater Woodpushers"]
[BlackTeam "Celtic Tigers 1"]
[WhiteFideId "401498"]
[BlackFideId "1118153"]
[EventDate "2024.11.23"]

1. e4 e6 2. Nc3 d5 3. d4 Bb4 4. e5 c5 5. Qg4 Ne7 6. dxc5 Nbc6 7. Bd2 Ng6 8. Nf3
f5 9. exf6 Qxf6 10. O-O-O O-O 11. h4 Bxc5 12. Bg5 Qf7 13. Qg3 Nf4 14. h5 Bd6 15.
Kb1 Bc7 16. Nb5 Bb8 17. Rh4 a6 18. Nbd4 Nd3 19. Bxd3 Bxg3 20. fxg3 h6 21. Bf4
Nxd4 22. Nxd4 Bd7 23. Bd6 Qf2 24. Be5 Qe3 25. Bf4 Rxf4 26. gxf4 Rf8 27. Ne2 Qf2
28. g3 e5 29. fxe5 Rf3 30. Nd4 Rxg3 31. Rhh1 Bg4 32. Rhf1 Rxd3 33. cxd3 Qxd4 34.
Rd2 Qxe5 35. Kc2 Bxh5 36. Rff2 0-1

[Event "4NCL Div 2 2024-25"]
[Site "England ENG"]
[Date "2025.01.25"]
[Round "3.26"]
[White "Serbanescu, Diana-Maria"]
[Black "Rawlinson, Aidan M"]
[Result "1-0"]
[WhiteTitle "CM"]
[WhiteElo "2020"]
[BlackElo "2058"]
[WhiteTeam "Celtic Tigers 1"]
[BlackTeam "Greater Woodpushers"]
[WhiteFideId "1200550"]
[BlackFideId "413496"]
[EventDate "2024.11.23"]

1. e4 g6 2. d4 Bg7 3. Nc3 d6 4. Be3 a6 5. Qd2 b5 6. h4 Nf6 7. f3 h5 8. Nh3 c6 9.
O-O-O Bxh3 10. Rxh3 Nbd7 11. Be2 a5 12. Qe1 Qc7 13. Bf4 a4 14. e5 dxe5 15. dxe5
b4 16. Bc4 O-O 17. Qg3 bxc3 18. exf6 Qb6 19. bxc3 Nxf6 20. Qxg6 e6 21. Bxe6 fxe6
22. Bh6 Ra7 23. Rg3 Rb7 24. Bxg7 Qe3+ 25. Rd2 Qe1+ 26. Rd1 Rb1+ 27. Kxb1 Qxd1+
28. Kb2 Rb8+ 29. Ka3 Qd6+ 30. Kxa4 Ra8+ 31. Kb3 Qa3+ 32. Kc4 Qa6+ 33. Kd4 Rd8+
34. Ke5 Qa5+ 35. Kxf6 Qxc3+ 36. Ke7 1-0

[Event "4NCL Div 2 2024-25"]
[Site "England ENG"]
[Date "2025.01.25"]
[Round "3.27"]
[White "Longson, Sarah N"]
[Black "Franco, Gaston"]
[Result "0-1"]
[WhiteTitle "WFM"]
[WhiteElo "1953"]
[BlackElo "2061"]
[WhiteTeam "Greater Woodpushers"]
[BlackTeam "Celtic Tigers 1"]
[WhiteFideId "2501465"]
[BlackFideId "117722"]
[EventDate "2024.11.23"]

1. e4 c5 2. Nc3 Nc6 3. Bb5 Nd4 4. Nf3 e6 5. O-O a6 6. Bd3 Nc6 7. e5 d5 8. exd6
Bxd6 9. Ne4 Be7 10. Re1 g5 11. h3 h5 12. b3 g4 13. Bb2 Rh6 14. hxg4 hxg4 15. Ne5
Nxe5 16. Bxe5 f5 17. Ng3 Nf6 18. Qe2 Nh5 19. Qe3 Rh7 20. Nxh5 Rxh5 21. f3 Bg5
22. Qxc5 gxf3 23. Bxf5 Be3+ 24. Qxe3 Rxf5 25. Rf1 Qg5 26. Qxg5 Rxg5 27. Bf4
Rxg2+ 28. Kh1 Bd7 29. Rxf3 Rg4 30. Kh2 Bc6 31. Rf2 O-O-O 32. Be5 Rdg8 33. Bf6
R8g6 34. Kh3 Bg2+ 35. Rxg2 Rxg2 36. Bc3 Rg1 37. Rxg1 Rxg1 38. Kh2 Rc1 39. Kg3
Rxc2 40. a4 Ra2 41. a5 Kd7 42. Kf3 Ra3 43. b4 Rb3 44. Ke4 Rb1 45. Kd4 Kc6 46.
Kc4 Re1 47. Bd4 Rc1+ 48. Bc3 e5 49. Kb3 Kd5 50. d3 Rh1 51. Kc2 Rh2+ 52. Kb3 Rg2
53. Bb2 Rg3 54. Kc2 e4 55. dxe4+ Kxe4 56. Bc3 Kd5 57. Bf6 Kc4 58. Be7 Rb3 0-1

[Event "4NCL Div 2 2024-25"]
[Site "England ENG"]
[Date "2025.01.25"]
[Round "3.28"]
[White "Kemp, Peter D"]
[Black "Wong, Chun Hei"]
[Result "0-1"]
[WhiteElo "2069"]
[BlackElo "1937"]
[WhiteTeam "Celtic Tigers 1"]
[BlackTeam "Greater Woodpushers"]
[WhiteFideId "402222"]
[BlackFideId "6007120"]
[EventDate "2024.11.23"]

1. d4 Nf6 2. c4 e6 3. Nf3 d5 4. g3 Be7 5. Bg2 O-O 6. O-O dxc4 7. Qc2 b6 8. Qxc4
Bb7 9. Nc3 Nbd7 10. Rd1 c5 11. dxc5 Bxc5 12. b4 Bxf2+ 13. Kf1 Rc8 14. Qb3 Ng4
15. h3 Ne3+ 16. Kxf2 Rxc3 17. Rxd7 Qxd7 18. Qb1 Nxg2 19. Kxg2 Qd1 0-1

[Event "4NCL Div 2 2024-25"]
[Site "England ENG"]
[Date "2025.01.25"]
[Round "3.31"]
[White "Walton, Alan J"]
[Black "Cooksey, Paul S"]
[Result "1/2-1/2"]
[WhiteTitle "CM"]
[BlackTitle "FM"]
[WhiteElo "2020"]
[BlackElo "2244"]
[WhiteTeam "Chessable White Rose 2"]
[BlackTeam "Crowthorne A"]
[WhiteFideId "409898"]
[BlackFideId "405051"]
[EventDate "2024.11.23"]

1. d4 d5 2. c4 c6 3. Nc3 Nf6 4. Nf3 dxc4 5. a4 Bf5 6. Nh4 e6 7. Nxf5 exf5 8. e3
Bd6 9. Bxc4 O-O 10. h3 Qd7 11. Qd3 Re8 12. O-O a5 13. Bd2 Na6 14. Bxa6 Rxa6 15.
Rfe1 Qe6 16. f3 Raa8 17. e4 Bc7 18. Bg5 fxe4 19. Nxe4 Nxe4 20. Rxe4 Qd7 21. Rae1
Rxe4 22. Qxe4 h6 23. Bh4 Bb6 24. Bf2 Rd8 25. Rd1 Re8 26. Qd3 Qd5 27. Kf1 Rd8 28.
Be3 Ba7 29. Qc3 Re8 30. Re1 Bb6 31. Bf2 Rd8 32. Re4 Qd7 33. d5 Bxf2 34. dxc6
bxc6 1/2-1/2

[Event "4NCL Div 2 2024-25"]
[Site "England ENG"]
[Date "2025.01.25"]
[Round "3.32"]
[White "Kacprzak, Kacper"]
[Black "Dunn, Andrew"]
[Result "1-0"]
[WhiteTitle "FM"]
[BlackTitle "CM"]
[WhiteElo "2298"]
[BlackElo "2057"]
[WhiteTeam "Crowthorne A"]
[BlackTeam "Chessable White Rose 2"]
[WhiteFideId "21819319"]
[BlackFideId "401960"]
[EventDate "2024.11.23"]

1. e4 c6 2. d4 d5 3. f3 dxe4 4. fxe4 e5 5. Nf3 Bg4 6. c3 Nd7 7. Bd3 Bd6 8. O-O
Ngf6 9. Na3 b5 10. Nc2 Qc7 11. Ne3 exd4 12. cxd4 Bxh2+ 13. Kh1 Bf4 14. e5 Bxe5
15. Nxg4 Nxg4 16. Nxe5 Ndxe5 17. dxe5 Nxe5 18. Bf4 O-O-O 19. Bf5+ Kb7 20. Qe2
Rhe8 21. a4 b4 22. Be4 a6 23. Rac1 Re6 24. Rc4 a5 25. Bxe5 Qxe5 26. Bxc6+ Kb6
27. Qf2+ Qe3 28. Qxe3+ Rxe3 29. Rxf7 Rd6 30. Rb7+ Ka6 31. Rxg7 Re1+ 32. Kh2 Rh6+
33. Kg3 Re3+ 34. Bf3 Rb3 35. Rc8 Rxb2 36. Rb7 Rg6+ 37. Kh4 1-0

[Event "4NCL Div 2 2024-25"]
[Site "England ENG"]
[Date "2025.01.25"]
[Round "3.33"]
[White "Gayson, Peter M"]
[Black "Starosta, Martyna"]
[Result "0-1"]
[WhiteTitle "FM"]
[BlackTitle "WFM"]
[WhiteElo "2059"]
[BlackElo "2203"]
[WhiteTeam "Chessable White Rose 2"]
[BlackTeam "Crowthorne A"]
[WhiteFideId "401838"]
[BlackFideId "21818754"]
[EventDate "2024.11.23"]

1. e4 e6 2. d4 d5 3. Nd2 Be7 4. exd5 exd5 5. Ngf3 Nf6 6. Bd3 Bg4 7. h3 Bh5 8.
O-O O-O 9. Re1 c5 10. dxc5 Bxc5 11. Nb3 Bb6 12. Bg5 h6 13. Bh4 Qd6 14. Kf1 Nc6
15. Bg3 Qd7 16. a4 a6 17. a5 Ba7 18. c3 Rfe8 19. Nbd2 Rxe1+ 20. Qxe1 Re8 21. Qb1
Qe7 22. Qc2 Ne4 23. Re1 Bxf3 24. Nxf3 Nxa5 25. Bxe4 dxe4 26. Nd2 f5 27. Bf4 Nc6
28. Be3 Bb8 29. Qb3+ Kh8 30. Bb6 Ne5 31. Bd4 Nd3 32. Ra1 Be5 33. Ra4 Bxd4 34.
Rxd4 e3 35. Rxd3 exf2 36. Kxf2 Qe2+ 37. Kg1 Qxd3 38. Nf3 Qe3+ 39. Kh1 Qc1+ 40.
Kh2 Qf4+ 41. Kh1 b5 42. Qf7 Re4 43. b4 Re2 44. h4 Qg4 0-1

[Event "4NCL Div 2 2024-25"]
[Site "England ENG"]
[Date "2025.01.25"]
[Round "3.34"]
[White "Webb, Richard M"]
[Black "Edwards-Wright, Miles D"]
[Result "1-0"]
[WhiteTitle "FM"]
[WhiteElo "2174"]
[BlackElo "1963"]
[WhiteTeam "Crowthorne A"]
[BlackTeam "Chessable White Rose 2"]
[WhiteFideId "404829"]
[BlackFideId "424072"]
[EventDate "2024.11.23"]

1. e4 g6 2. d4 Bg7 3. Nc3 d6 4. Be3 a6 5. Qd2 b5 6. a3 Nd7 7. h4 h5 8. Nh3 Nb6
9. Ng5 Nh6 10. f3 c6 11. b3 Qc7 12. Rd1 Bd7 13. Be2 Rd8 14. Kf2 d5 15. Bf4 Qc8
16. exd5 cxd5 17. Na2 Nf5 18. c3 f6 19. Nh3 Nxh4 20. Nb4 a5 21. Nd3 a4 22. Nc5
axb3 23. Nxd7 Qxd7 24. Rb1 Nc4 25. Qd3 O-O 26. g3 Nf5 27. g4 hxg4 28. fxg4 e5
29. gxf5 e4 30. Qg3 Qxf5 31. Qg4 e3+ 32. Kg3 Qxg4+ 33. Kxg4 Rfe8 34. Rxb3 g5 35.
Rxb5 gxf4 36. Nxf4 Nxa3 37. Rxd5 f5+ 38. Rxf5 Rc8 39. Bf3 1-0